000 00753nam a22001697a 4500
999 _c63478
_d63478
003 Ge_BSU
005 20251017143617.0
008 251017s1975 ge ||||| |||| 00| 0 geo d
041 _ageo
080 _a396(479.22) კ-49
100 _aკიკნაძე, გულიკო
_926046
245 _aგული სავსეა სიხარულით :
_b[ნარკვევები აჭარელ ქალთა გმირულ საქმიანობაზე] /
_cგულიკო კიკნაძე.
264 _aბათუმი :
_b საბჭ. აჭარა,
_c1975.
300 _a96 გვ. :
_bილ. ;
_c16 სმ.
653 _aქართველი ქალები
942 _2udc
_cᲬᲘᲒᲜᲘ